| 000 | 00401nam a22001697a 4500 | ||
|---|---|---|---|
| 005 | 20160618094853.0 | ||
| 008 | 160618b xxu||||| |||| 00| 0 eng d | ||
| 020 | _a81-7929-054-9 | ||
| 041 | _aeng | ||
| 082 | _b8075 | ||
| 100 |
_aBirkin, Malcom _92095 |
||
| 245 | _aHow to build an integrated Company | ||
| 260 |
_bInfinity Book _c2003 |
||
| 300 | _a207 | ||
| 650 |
_aManagement _9241 |
||
| 942 | _cBK | ||
| 999 |
_c3041 _d3040 |
||